Statistics for Быстрая Математика - Прибавление

Click here to take the quiz!

General Stats

  • This quiz has been taken 1,027 times
  • The average score is 15 of 20

Answer Stats

   проблема   решение% Correct
13 + 87100
100%
15 + 85100
100%
19 + 82101
100%
5 + 97102
100%
8 + 94102
100%
1 + 102103
100%
20 + 83103
100%
35 + 68103
100%
10 + 93103
100%
7 + 96103
100%
4 + 100104
100%
51 + 54105
100%
12 + 93105
100%
8 + 97105
100%
1 + 105106
100%
39 + 67106
100%
9 + 98107
100%
11 + 96107
100%
2 + 105107
100%
35 + 72107
100%
28 + 80108
100%
53 + 55108
100%
20 + 88108
100%
31 + 78109
100%
41 + 69110
100%
37 + 73110
100%
22 + 88110
100%
2 + 109111
100%
17 + 95112
100%
28 + 84112
100%
8 + 104112
100%
53 + 60113
100%
39 + 74113
100%
26 + 87113
100%
26 + 88114
100%
12 + 103115
100%
27 + 88115
100%
33 + 82115
100%
11 + 105116
100%
58 + 58116
100%
44 + 73117
100%
2 + 115117
100%
7 + 110117
100%
15 + 103118
100%
2 + 116118
100%
41 + 78119
100%
7 + 112119
100%
21 + 98119
100%
7 + 113120
100%
3 + 117120
100%
33 + 87120
100%
6 + 115121
100%
16 + 105121
100%
19 + 102121
100%
8 + 113121
100%
2 + 119121
100%
31 + 90121
100%
2 + 120122
100%
2 + 121123
100%
17 + 107124
100%
20 + 104124
100%
25 + 99124
100%
12 + 112124
100%
9 + 115124
100%
22 + 102124
100%
2 + 124126
100%
7 + 120127
100%
6 + 121127
100%
34 + 94128
100%
13 + 115128
100%
30 + 99129
100%
1 + 128129
100%
28 + 102130
100%
1 + 129130
100%
42 + 88130
100%
2 + 129131
100%
3 + 128131
100%
17 + 114131
100%
9 + 122131
100%
4 + 127131
100%
43 + 88131
100%
8 + 123131
100%
4 + 128132
100%
64 + 68132
100%
48 + 85133
100%
5 + 128133
100%
14 + 119133
100%
45 + 89134
100%
27 + 108135
100%
15 + 121136
100%
21 + 115136
100%
2 + 134136
100%
26 + 111137
100%
3 + 134137
100%
32 + 105137
100%
16 + 121137
100%
6 + 131137
100%
5 + 133138
100%
7 + 131138
100%
40 + 98138
100%
61 + 78139
100%
11 + 128139
100%
8 + 131139
100%
17 + 122139
100%
19 + 120139
100%
1 + 138139
100%
1 + 1314
100%
7 + 714
100%
7 + 135142
100%
9 + 133142
100%
65 + 78143
100%
5 + 138143
100%
37 + 106143
100%
47 + 96143
100%
7 + 137144
100%
18 + 126144
100%
2 + 142144
100%
70 + 74144
100%
3 + 141144
100%
41 + 104145
100%
33 + 112145
100%
13 + 132145
100%
27 + 118145
100%
12 + 134146
100%
25 + 122147
100%
1 + 147148
100%
29 + 119148
100%
6 + 142148
100%
8 + 141149
100%
16 + 133149
100%
5 + 1015
100%
9 + 141150
100%
20 + 130150
100%
15 + 135150
100%
5 + 145150
100%
4 + 148152
100%
57 + 95152
100%
10 + 142152
100%
5 + 147152
100%
8 + 145153
100%
38 + 115153
100%
36 + 117153
100%
21 + 133154
100%
31 + 123154
100%
27 + 127154
100%
45 + 110155
100%
29 + 126155
100%
41 + 114155
100%
39 + 116155
100%
50 + 106156
100%
16 + 140156
100%
15 + 141156
100%
5 + 151156
100%
23 + 134157
100%
4 + 153157
100%
13 + 144157
100%
62 + 95157
100%
11 + 147158
100%
12 + 146158
100%
1 + 157158
100%
20 + 138158
100%
4 + 155159
100%
26 + 133159
100%
31 + 128159
100%
2 + 1416
100%
2 + 158160
100%
2 + 159161
100%
51 + 110161
100%
16 + 146162
100%
14 + 148162
100%
52 + 110162
100%
9 + 154163
100%
17 + 146163
100%
63 + 100163
100%
7 + 156163
100%
55 + 109164
100%
35 + 129164
100%
25 + 139164
100%
5 + 159164
100%
8 + 156164
100%
22 + 142164
100%
58 + 107165
100%
3 + 162165
100%
66 + 100166
100%
30 + 136166
100%
10 + 156166
100%
53 + 114167
100%
1 + 166167
100%
19 + 148167
100%
2 + 166168
100%
6 + 162168
100%
9 + 160169
100%
10 + 160170
100%
4 + 166170
100%
3 + 168171
100%
17 + 154171
100%
76 + 95171
100%
6 + 165171
100%
22 + 149171
100%
1 + 171172
100%
18 + 154172
100%
7 + 165172
100%
9 + 164173
100%
59 + 114173
100%
66 + 108174
100%
37 + 137174
100%
25 + 149174
100%
67 + 107174
100%
26 + 148174
100%
12 + 163175
100%
25 + 150175
100%
20 + 155175
100%
15 + 160175
100%
7 + 169176
100%
8 + 168176
100%
3 + 173176
100%
3 + 174177
100%
6 + 172178
100%
20 + 158178
100%
35 + 143178
100%
2 + 176178
100%
11 + 167178
100%
43 + 136179
100%
39 + 140179
100%
46 + 134180
100%
86 + 95181
100%
5 + 176181
100%
1 + 181182
100%
9 + 173182
100%
42 + 141183
100%
9 + 174183
100%
48 + 135183
100%
27 + 156183
100%
3 + 181184
100%
27 + 157184
100%
1 + 183184
100%
7 + 178185
100%
13 + 172185
100%
16 + 169185
100%
62 + 123185
100%
85 + 101186
100%
17 + 169186
100%
3 + 183186
100%
53 + 134187
100%
21 + 166187
100%
50 + 137187
100%
24 + 163187
100%
30 + 157187
100%
15 + 172187
100%
77 + 110187
100%
58 + 129187
100%
7 + 181188
100%
6 + 182188
100%
2 + 186188
100%
3 + 185188
100%
5 + 184189
100%
1 + 189190
100%
18 + 172190
100%
15 + 176191
100%
9 + 182191
100%
38 + 154192
100%
47 + 146193
100%
59 + 135194
100%
61 + 134195
100%
5 + 190195
100%
37 + 159196
100%
17 + 179196
100%
8 + 188196
100%
7 + 189196
100%
1 + 195196
100%
23 + 174197
100%
3 + 194197
100%
9 + 188197
100%
6 + 192198
100%
41 + 157198
100%
97 + 102199
100%
57 + 142199
100%
6 + 1420
100%
4 + 1620
100%
17 + 183200
100%
44 + 156200
100%
22 + 178200
100%
46 + 154200
100%
28 + 172200
100%
45 + 155200
100%
15 + 186201
100%
13 + 188201
100%
9 + 192201
100%
1 + 200201
100%
4 + 198202
100%
7 + 195202
100%
25 + 177202
100%
5 + 198203
100%
6 + 197203
100%
80 + 123203
100%
16 + 187203
100%
51 + 152203
100%
21 + 183204
100%
7 + 198205
100%
24 + 181205
100%
2 + 203205
100%
4 + 202206
100%
31 + 175206
100%
55 + 151206
100%
2 + 205207
100%
11 + 196207
100%
19 + 188207
100%
6 + 201207
100%
30 + 177207
100%
29 + 178207
100%
3 + 205208
100%
17 + 191208
100%
5 + 203208
100%
20 + 188208
100%
63 + 146209
100%
9 + 200209
100%
22 + 187209
100%
2 + 207209
100%
18 + 191209
100%
4 + 1721
100%
3 + 207210
100%
36 + 174210
100%
6 + 205211
100%
73 + 138211
100%
43 + 168211
100%
50 + 162212
100%
81 + 131212
100%
64 + 148212
100%
2 + 211213
100%
9 + 205214
100%
4 + 211215
100%
15 + 200215
100%
8 + 207215
100%
42 + 173215
100%
55 + 160215
100%
10 + 207217
100%
58 + 159217
100%
50 + 167217
100%
16 + 201217
100%
17 + 200217
100%
19 + 199218
100%
3 + 215218
100%
11 + 207218
100%
47 + 172219
100%
11 + 1122
100%
9 + 1322
100%
2 + 2022
100%
62 + 158220
100%
13 + 207220
100%
34 + 187221
100%
1 + 220221
100%
6 + 215221
100%
41 + 181222
100%
8 + 214222
100%
9 + 214223
100%
12 + 211223
100%
50 + 174224
100%
4 + 221225
100%
25 + 200225
100%
6 + 219225
100%
3 + 222225
100%
27 + 199226
100%
17 + 210227
100%
8 + 219227
100%
5 + 223228
100%
50 + 178228
100%
4 + 224228
100%
28 + 200228
100%
15 + 214229
100%
89 + 141230
100%
8 + 222230
100%
27 + 203230
100%
1 + 230231
100%
11 + 220231
100%
29 + 203232
100%
16 + 217233
100%
9 + 224233
100%
23 + 210233
100%
3 + 230233
100%
6 + 228234
100%
31 + 203234
100%
57 + 177234
100%
64 + 171235
100%
80 + 155235
100%
111 + 124235
100%
22 + 213235
100%
28 + 207235
100%
41 + 194235
100%
12 + 224236
100%
25 + 211236
100%
84 + 152236
100%
8 + 229237
100%
19 + 218237
100%
107 + 130237
100%
5 + 232237
100%
6 + 231237
100%
7 + 231238
100%
9 + 229238
100%
1 + 237238
100%
2 + 236238
100%
75 + 164239
100%
6 + 234240
100%
7 + 235242
100%
2 + 241243
100%
48 + 195243
100%
56 + 187243
100%
7 + 236243
100%
8 + 235243
100%
11 + 232243
100%
23 + 221244
100%
88 + 156244
100%
14 + 231245
100%
1 + 244245
100%
25 + 220245
100%
11 + 234245
100%
6 + 240246
100%
17 + 229246
100%
84 + 162246
100%
46 + 200246
100%
7 + 239246
100%
56 + 190246
100%
20 + 227247
100%
45 + 203248
100%
3 + 245248
100%
26 + 222248
100%
4 + 244248
100%
15 + 234249
100%
7 + 242249
100%
77 + 172249
100%
19 + 232251
100%
8 + 243251
100%
9 + 242251
100%
47 + 204251
100%
11 + 241252
100%
57 + 196253
100%
2 + 251253
100%
8 + 246254
100%
7 + 247254
100%
10 + 245255
100%
1 + 254255
100%
100 + 155255
100%
5 + 251256
100%
8 + 248256
100%
2 + 254256
100%
27 + 229256
100%
4 + 252256
100%
50 + 207257
100%
1 + 256257
100%
3 + 254257
100%
29 + 229258
100%
25 + 233258
100%
15 + 243258
100%
3 + 255258
100%
4 + 255259
100%
66 + 193259
100%
42 + 217259
100%
8 + 1826
100%
2 + 2426
100%
3 + 2326
100%
13 + 247260
100%
125 + 135260
100%
9 + 252261
100%
4 + 257261
100%
52 + 209261
100%
1 + 260261
100%
45 + 216261
100%
34 + 228262
100%
57 + 205262
100%
6 + 257263
100%
39 + 224263
100%
19 + 244263
100%
49 + 214263
100%
2 + 262264
100%
7 + 257264
100%
1 + 263264
100%
69 + 197266
100%
3 + 263266
100%
38 + 228266
100%
120 + 146266
100%
2 + 265267
100%
7 + 260267
100%
1 + 266267
100%
42 + 225267
100%
72 + 196268
100%
27 + 241268
100%
12 + 257269
100%
5 + 2227
100%
74 + 196270
100%
37 + 233270
100%
9 + 263272
100%
34 + 238272
100%
8 + 264272
100%
31 + 242273
100%
105 + 168273
100%
21 + 252273
100%
38 + 235273
100%
1 + 273274
100%
28 + 246274
100%
3 + 271274
100%
18 + 256274
100%
8 + 266274
100%
34 + 241275
100%
33 + 242275
100%
51 + 224275
100%
3 + 273276
100%
7 + 269276
100%
69 + 207276
100%
27 + 250277
100%
33 + 244277
100%
30 + 247277
100%
124 + 153277
100%
10 + 267277
100%
25 + 252277
100%
6 + 271277
100%
4 + 273277
100%
11 + 267278
100%
9 + 269278
100%
36 + 242278
100%
47 + 231278
100%
2 + 276278
100%
71 + 207278
100%
28 + 251279
100%
96 + 183279
100%
1 + 278279
100%
5 + 2328
100%
80 + 200280
100%
5 + 275280
100%
97 + 183280
100%
106 + 174280
100%
3 + 277280
100%
17 + 264281
100%
13 + 268281
100%
101 + 181282
100%
16 + 266282
100%
40 + 243283
100%
121 + 162283
100%
8 + 275283
100%
9 + 275284
100%
41 + 243284
100%
6 + 278284
100%
82 + 202284
100%
9 + 276285
100%
7 + 278285
100%
18 + 267285
100%
7 + 279286
100%
78 + 208286
100%
1 + 286287
100%
8 + 279287
100%
7 + 281288
100%
3 + 285288
100%
11 + 277288
100%
2 + 286288
100%
60 + 228288
100%
81 + 208289
100%
59 + 230289
100%
4 + 285289
100%
6 + 283289
100%
65 + 225290
100%
20 + 271291
100%
55 + 236291
100%
52 + 239291
100%
4 + 287291
100%
1 + 290291
100%
4 + 288292
100%
40 + 252292
100%
10 + 283293
100%
110 + 183293
100%
102 + 192294
100%
7 + 287294
100%
8 + 287295
100%
108 + 187295
100%
15 + 280295
100%
13 + 282295
100%
78 + 218296
100%
60 + 236296
100%
19 + 278297
100%
3 + 294297
100%
33 + 264297
100%
122 + 175297
100%
6 + 292298
100%
67 + 231298
100%
43 + 255298
100%
11 + 287298
100%
98 + 200298
100%
116 + 182298
100%
2 + 297299
100%
7 + 293300
100%
3 + 297300
100%
4 + 296300
100%
24 + 276300
100%
9 + 291300
100%
7 + 294301
100%
149 + 152301
100%
12 + 289301
100%
47 + 254301
100%
46 + 255301
100%
2 + 300302
100%
3 + 300303
100%
8 + 296304
100%
23 + 281304
100%
2 + 302304
100%
56 + 248304
100%
131 + 174305
100%
150 + 155305
100%
9 + 297306
100%
19 + 287306
100%
6 + 300306
100%
29 + 277306
100%
32 + 274306
100%
2 + 304306
100%
61 + 246307
100%
14 + 293307
100%
126 + 182308
100%
1 + 307308
100%
91 + 218309
100%
7 + 302309
100%
28 + 281309
100%
4 + 2731
100%
3 + 2831
100%
6 + 2531
100%
1 + 309310
100%
9 + 301310
100%
7 + 303310
100%
94 + 216310
100%
30 + 280310
100%
3 + 308311
100%
5 + 306311
100%
3 + 309312
100%
90 + 223313
100%
22 + 292314
100%
8 + 306314
100%
2 + 312314
100%
3 + 311314
100%
11 + 304315
100%
13 + 302315
100%
1 + 315316
100%
33 + 283316
100%
96 + 221317
100%
117 + 200317
100%
2 + 316318
100%
41 + 277318
100%
15 + 303318
100%
20 + 298318
100%
3 + 316319
100%
13 + 1932
100%
87 + 233320
100%
120 + 201321
100%
49 + 272321
100%
7 + 315322
100%
58 + 264322
100%
2 + 320322
100%
101 + 221322
100%
8 + 314322
100%
103 + 221324
100%
3 + 321324
100%
44 + 281325
100%
27 + 298325
100%
1 + 324325
100%
4 + 321325
100%
32 + 293325
100%
2 + 324326
100%
39 + 288327
100%
6 + 321327
100%
10 + 318328
100%
12 + 317329
100%
56 + 273329
100%
2 + 3133
100%
9 + 2433
100%
140 + 190330
100%
16 + 314330
100%
7 + 323330
100%
5 + 325330
100%
129 + 201330
100%
99 + 232331
100%
20 + 311331
100%
9 + 322331
100%
19 + 314333
100%
29 + 305334
100%
1 + 333334
100%
4 + 330334
100%
5 + 330335
100%
22 + 314336
100%
137 + 199336
100%
47 + 289336
100%
38 + 298336
100%
79 + 258337
100%
20 + 317337
100%
4 + 333337
100%
26 + 311337
100%
15 + 322337
100%
73 + 265338
100%
1 + 337338
100%
91 + 248339
100%
40 + 299339
100%
9 + 330339
100%
83 + 256339
100%
5 + 2934
100%
46 + 294340
100%
111 + 229340
100%
39 + 301340
100%
2 + 338340
100%
3 + 338341
100%
56 + 285341
100%
8 + 334342
100%
14 + 328342
100%
53 + 289342
100%
17 + 325342
100%
1 + 342343
100%
44 + 299343
100%
85 + 258343
100%
112 + 231343
100%
145 + 199344
100%
30 + 314344
100%
115 + 230345
100%
18 + 327345
100%
133 + 212345
100%
4 + 341345
100%
6 + 339345
100%
9 + 337346
100%
100 + 246346
100%
86 + 260346
100%
18 + 328346
100%
48 + 298346
100%
69 + 277346
100%
107 + 240347
100%
2 + 345347
100%
35 + 312347
100%
6 + 342348
100%
110 + 238348
100%
3 + 345348
100%
7 + 341348
100%
29 + 319348
100%
68 + 281349
100%
90 + 259349
100%
1 + 348349
100%
4 + 3135
100%
10 + 2535
100%
7 + 2835
100%
98 + 252350
100%
25 + 325350
100%
122 + 229351
100%
50 + 302352
100%
37 + 315352
100%
13 + 340353
100%
64 + 290354
100%
97 + 257354
100%
65 + 289354
100%
38 + 317355
100%
29 + 326355
100%
149 + 206355
100%
91 + 264355
100%
68 + 288356
100%
15 + 341356
100%
24 + 332356
100%
11 + 345356
100%
2 + 354356
100%
33 + 324357
100%
34 + 323357
100%
3 + 354357
100%
37 + 321358
100%
6 + 352358
100%
107 + 251358
100%
18 + 340358
100%
31 + 328359
100%
9 + 350359
100%
167 + 192359
100%
5 + 355360
100%
8 + 352360
100%
11 + 349360
100%
41 + 319360
100%
131 + 229360
100%
148 + 212360
100%
6 + 354360
100%
65 + 295360
100%
153 + 208361
100%
46 + 315361
100%
1 + 360361
100%
43 + 318361
100%
10 + 352362
100%
21 + 341362
100%
14 + 348362
100%
105 + 257362
100%
4 + 358362
100%
132 + 232364
100%
4 + 360364
100%
70 + 295365
100%
40 + 325365
100%
58 + 307365
100%
17 + 348365
100%
71 + 294365
100%
79 + 287366
100%
12 + 354366
100%
4 + 362366
100%
37 + 330367
100%
43 + 324367
100%
41 + 326367
100%
8 + 360368
100%
2 + 366368
100%
154 + 214368
100%
10 + 359369
100%
49 + 320369
100%
16 + 353369
100%
35 + 334369
100%
8 + 2937
100%
47 + 323370
100%
61 + 309370
100%
5 + 366371
100%
101 + 270371
100%
19 + 352371
100%
31 + 340371
100%
9 + 362371
100%
1 + 370371
100%
4 + 368372
100%
11 + 361372
100%
60 + 312372
100%
13 + 360373
100%
97 + 277374
100%
104 + 271375
100%
4 + 371375
100%
45 + 330375
100%
19 + 356375
100%
42 + 334376
100%
133 + 243376
100%
6 + 370376
100%
8 + 369377
100%
89 + 288377
100%
38 + 339377
100%
43 + 334377
100%
125 + 252377
100%
174 + 203377
100%
7 + 370377
100%
8 + 370378
100%
52 + 326378
100%
74 + 305379
100%
3 + 376379
100%
5 + 374379
100%
30 + 349379
100%
1 + 379380
100%
9 + 372381
100%
13 + 369382
100%
39 + 343382
100%
5 + 377382
100%
128 + 254382
100%
21 + 361382
100%
1 + 381382
100%
45 + 338383
100%
69 + 314383
100%
22 + 361383
100%
27 + 356383
100%
2 + 382384
100%
8 + 376384
100%
60 + 324384
100%
9 + 376385
100%
113 + 272385
100%
12 + 373385
100%
109 + 277386
100%
33 + 353386
100%
5 + 382387
100%
14 + 374388
100%
9 + 379388
100%
5 + 383388
100%
50 + 338388
100%
3 + 385388
100%
20 + 368388
100%
17 + 372389
100%
1 + 388389
100%
8 + 381389
100%
4 + 386390
100%
102 + 288390
100%
18 + 372390
100%
84 + 307391
100%
4 + 387391
100%
3 + 388391
100%
20 + 371391
100%
34 + 357391
100%
4 + 388392
100%
44 + 348392
100%
78 + 315393
100%
15 + 378393
100%
62 + 331393
100%
13 + 380393
100%
72 + 321393
100%
133 + 260393
100%
2 + 392394
100%
7 + 387394
100%
92 + 303395
100%
17 + 378395
100%
38 + 357395
100%
2 + 394396
100%
111 + 287398
100%
51 + 347398
100%
10 + 388398
100%
91 + 307398
100%
26 + 372398
100%
6 + 392398
100%
8 + 390398
100%
138 + 260398
100%
1 + 397398
100%
47 + 351398
100%
9 + 390399
100%
139 + 260399
100%
2 + 24
100%
5 + 3540
100%
10 + 3040
100%
3 + 3740
100%
104 + 296400
100%
80 + 320400
100%
32 + 369401
100%
13 + 388401
100%
9 + 393402
100%
28 + 375403
100%
6 + 397403
100%
16 + 387403
100%
37 + 366403
100%
5 + 398403
100%
7 + 396403
100%
4 + 399403
100%
16 + 388404
100%
97 + 307404
100%
29 + 375404
100%
10 + 394404
100%
2 + 402404
100%
46 + 359405
100%
64 + 341405
100%
16 + 389405
100%
10 + 395405
100%
12 + 393405
100%
152 + 254406
100%
137 + 269406
100%
13 + 393406
100%
37 + 369406
100%
10 + 396406
100%
5 + 401406
100%
94 + 313407
100%
139 + 268407
100%
9 + 398407
100%
22 + 385407
100%
3 + 404407
100%
4 + 403407
100%
158 + 250408
100%
1 + 407408
100%
15 + 393408
100%
14 + 394408
100%
60 + 349409
100%
144 + 265409
100%
93 + 316409
100%
1 + 409410
100%
53 + 357410
100%
116 + 294410
100%
3 + 407410
100%
81 + 330411
100%
73 + 339412
100%
32 + 381413
100%
5 + 409414
100%
8 + 406414
100%
6 + 408414
100%
6 + 409415
100%
18 + 397415
100%
3 + 412415
100%
7 + 408415
100%
192 + 223415
100%
29 + 387416
100%
9 + 407416
100%
58 + 358416
100%
103 + 314417
100%
12 + 405417
100%
115 + 302417
100%
15 + 402417
100%
18 + 400418
100%
16 + 402418
100%
97 + 321418
100%
7 + 412419
100%
65 + 354419
100%
10 + 3242
100%
5 + 3742
100%
6 + 414420
100%
30 + 390420
100%
19 + 402421
100%
46 + 376422
100%
42 + 381423
100%
118 + 305423
100%
165 + 258423
100%
60 + 363423
100%
59 + 365424
100%
7 + 417424
100%
1 + 424425
100%
83 + 342425
100%
12 + 413425
100%
9 + 416425
100%
11 + 415426
100%
22 + 404426
100%
24 + 402426
100%
18 + 408426
100%
109 + 317426
100%
3 + 424427
100%
23 + 404427
100%
4 + 423427
100%
38 + 389427
100%
29 + 400429
100%
176 + 253429
100%
17 + 412429
100%
1 + 428429
100%
6 + 423429
100%
2 + 4143
100%
19 + 2443
100%
21 + 409430
100%
19 + 411430
100%
55 + 375430
100%
47 + 383430
100%
6 + 425431
100%
13 + 418431
100%
2 + 429431
100%
43 + 388431
100%
198 + 233431
100%
47 + 384431
100%
67 + 365432
100%
1 + 432433
100%
7 + 426433
100%
9 + 424433
100%
49 + 385434
100%
8 + 426434
100%
16 + 419435
100%
6 + 430436
100%
21 + 415436
100%
140 + 296436
100%
25 + 412437
100%
21 + 416437
100%
3 + 434437
100%
28 + 409437
100%
7 + 430437
100%
205 + 233438
100%
8 + 430438
100%
19 + 419438
100%
32 + 406438
100%
153 + 285438
100%
11 + 428439
100%
3 + 436439
100%
122 + 317439
100%
3 + 4144
100%
48 + 392440
100%
153 + 287440
100%
31 + 409440
100%
9 + 432441
100%
106 + 335441
100%
121 + 320441
100%
10 + 431441
100%
72 + 370442
100%
209 + 234443
100%
13 + 430443
100%
4 + 439443
100%
27 + 417444
100%
142 + 302444
100%
26 + 418444
100%
7 + 437444
100%
166 + 278444
100%
15 + 429444
100%
8 + 436444
100%
113 + 333446
100%
36 + 410446
100%
7 + 439446
100%
46 + 400446
100%
3 + 444447
100%
1 + 446447
100%
56 + 391447
100%
7 + 440447
100%
1 + 447448
100%
9 + 439448
100%
30 + 418448
100%
33 + 415448
100%
121 + 328449
100%
81 + 368449
100%
152 + 298450
100%
2 + 449451
100%
12 + 439451
100%
134 + 318452
100%
7 + 445452
100%
8 + 445453
100%
6 + 447453
100%
29 + 424453
100%
31 + 422453
100%
30 + 423453
100%
26 + 427453
100%
31 + 423454
100%
9 + 445454
100%
51 + 403454
100%
24 + 431455
100%
9 + 446455
100%
14 + 441455
100%
28 + 428456
100%
13 + 443456
100%
57 + 399456
100%
1 + 456457
100%
37 + 420457
100%
6 + 451457
100%
4 + 453457
100%
6 + 452458
100%
17 + 441458
100%
70 + 388458
100%
62 + 396458
100%
7 + 451458
100%
4 + 454458
100%
24 + 434458
100%
53 + 405458
100%
7 + 452459
100%
202 + 257459
100%
59 + 400459
100%
128 + 331459
100%
4 + 4246
100%
13 + 3346
100%
1 + 4546
100%
11 + 3546
100%
2 + 4446
100%
14 + 3246
100%
6 + 454460
100%
2 + 459461
100%
20 + 441461
100%
78 + 383461
100%
50 + 412462
100%
68 + 394462
100%
43 + 419462
100%
8 + 454462
100%
136 + 326462
100%
9 + 453462
100%
5 + 457462
100%
5 + 458463
100%
52 + 411463
100%
32 + 432464
100%
8 + 456464
100%
101 + 363464
100%
80 + 385465
100%
216 + 249465
100%
124 + 341465
100%
11 + 454465
100%
9 + 457466
100%
82 + 384466
100%
22 + 444466
100%
1 + 465466
100%
28 + 439467
100%
110 + 357467
100%
83 + 384467
100%
7 + 460467
100%
214 + 253467
100%
16 + 452468
100%
29 + 439468
100%
2 + 466468
100%
4 + 464468
100%
26 + 442468
100%
103 + 366469
100%
104 + 365469
100%
5 + 464469
100%
43 + 426469
100%
18 + 2947
100%
84 + 386470
100%
107 + 363470
100%
1 + 469470
100%
228 + 242470
100%
8 + 462470
100%
113 + 358471
100%
6 + 465471
100%
228 + 243471
100%
186 + 286472
100%
126 + 346472
100%
137 + 335472
100%
69 + 404473
100%
95 + 378473
100%
23 + 450473
100%
102 + 371473
100%
27 + 447474
100%
37 + 437474
100%
5 + 470475
100%
9 + 467476
100%
66 + 410476
100%
95 + 382477
100%
18 + 459477
100%
197 + 280477
100%
10 + 467477
100%
201 + 276477
100%
7 + 470477
100%
4 + 474478
100%
6 + 472478
100%
2 + 476478
100%
77 + 401478
100%
41 + 438479
100%
226 + 253479
100%
9 + 470479
100%
40 + 439479
100%
5 + 4348
100%
7 + 4148
100%
3 + 4548
100%
36 + 444480
100%
7 + 473480
100%
47 + 433480
100%
21 + 459480
100%
2 + 479481
100%
44 + 437481
100%
29 + 452481
100%
183 + 298481
100%
204 + 278482
100%
67 + 415482
100%
90 + 392482
100%
121 + 361482
100%
14 + 469483
100%
101 + 382483
100%
104 + 379483
100%
54 + 429483
100%
75 + 408483
100%
97 + 387484
100%
58 + 426484
100%
68 + 416484
100%
49 + 435484
100%
143 + 342485
100%
123 + 362485
100%
11 + 474485
100%
12 + 473485
100%
4 + 481485
100%
13 + 473486
100%
9 + 477486
100%
95 + 391486
100%
1 + 485486
100%
47 + 439486
100%
8 + 479487
100%
9 + 478487
100%
25 + 463488
100%
20 + 468488
100%
45 + 443488
100%
40 + 448488
100%
32 + 457489
100%
103 + 386489
100%
39 + 450489
100%
9 + 480489
100%
71 + 418489
100%
7 + 483490
100%
6 + 484490
100%
2 + 488490
100%
5 + 485490
100%
200 + 290490
100%
108 + 382490
100%
1 + 489490
100%
8 + 483491
100%
34 + 457491
100%
99 + 393492
100%
20 + 472492
100%
16 + 476492
100%
12 + 480492
100%
10 + 482492
100%
132 + 361493
100%
20 + 473493
100%
190 + 303493
100%
26 + 468494
100%
7 + 488495
100%
236 + 260496
100%
4 + 492496
100%
6 + 490496
100%
5 + 491496
100%
105 + 391496
100%
41 + 455496
100%
118 + 378496
100%
30 + 466496
100%
13 + 483496
100%
34 + 463497
100%
36 + 461497
100%
5 + 492497
100%
26 + 471497
100%
8 + 489497
100%
9 + 489498
100%
26 + 472498
100%
238 + 260498
100%
11 + 487498
100%
2 + 496498
100%
14 + 485499
100%
69 + 430499
100%
104 + 395499
100%
17 + 3350
100%
9 + 4150
100%
27 + 473500
100%
32 + 468500
100%
46 + 454500
100%
29 + 472501
100%
46 + 455501
100%
237 + 264501
100%
72 + 429501
100%
51 + 451502
100%
14 + 488502
100%
96 + 407503
100%
85 + 418503
100%
15 + 488503
100%
90 + 413503
100%
19 + 485504
100%
156 + 348504
100%
2 + 502504
100%
24 + 480504
100%
150 + 354504
100%
3 + 501504
100%
116 + 389505
100%
103 + 402505
100%
4 + 501505
100%
6 + 499505
100%
39 + 467506
100%
8 + 498506
100%
74 + 432506
100%
48 + 458506
100%
24 + 482506
100%
1 + 506507
100%
48 + 459507
100%
25 + 482507
100%
54 + 454508
100%
235 + 273508
100%
175 + 333508
100%
18 + 490508
100%
8 + 501509
100%
108 + 401509
100%
10 + 499509
100%
70 + 439509
100%
26 + 483509
100%
16 + 3551
100%
3 + 507510
100%
16 + 494510
100%
33 + 477510
100%
7 + 503510
100%
137 + 373510
100%
28 + 482510
100%
23 + 488511
100%
47 + 464511
100%
72 + 439511
100%
6 + 505511
100%
19 + 493512
100%
214 + 298512
100%
26 + 486512
100%
89 + 424513
100%
112 + 402514
100%
152 + 362514
100%
50 + 464514
100%
40 + 474514
100%
176 + 339515
100%
26 + 490516
100%
135 + 381516
100%
100 + 416516
100%
50 + 466516
100%
104 + 412516
100%
9 + 508517
100%
17 + 501518
100%
3 + 515518
100%
2 + 517519
100%
6 + 513519
100%
9 + 4352
100%
18 + 3452
100%
19 + 3352
100%
217 + 303520
100%
25 + 495520
100%
21 + 499520
100%
3 + 517520
100%
11 + 509520
100%
30 + 490520
100%
80 + 440520
100%
5 + 516521
100%
218 + 303521
100%
58 + 463521
100%
199 + 322521
100%
12 + 510522
100%
24 + 499523
100%
181 + 342523
100%
10 + 513523
100%
133 + 391524
100%
8 + 517525
100%
44 + 481525
100%
165 + 360525
100%
217 + 308525
100%
4 + 523527
100%
9 + 518527
100%
82 + 445527
100%
18 + 509527
100%
5 + 522527
100%
8 + 519527
100%
70 + 457527
100%
1 + 527528
100%
3 + 525528
100%
31 + 497528
100%
6 + 522528
100%
16 + 512528
100%
13 + 515528
100%
98 + 431529
100%
2 + 527529
100%
7 + 522529
100%
43 + 486529
100%
8 + 521529
100%
27 + 502529
100%
2 + 5153
100%
81 + 449530
100%
83 + 447530
100%
45 + 485530
100%
1 + 530531
100%
99 + 432531
100%
60 + 471531
100%
27 + 504531
100%
59 + 472531
100%
32 + 500532
100%
37 + 495532
100%
33 + 500533
100%
2 + 531533
100%
4 + 529533
100%
5 + 528533
100%
1 + 533534
100%
9 + 525534
100%
25 + 509534
100%
184 + 350534
100%
17 + 517534
100%
33 + 502535
100%
20 + 515535
100%
55 + 481536
100%
23 + 513536
100%
58 + 478536
100%
1 + 536537
100%
8 + 529537
100%
13 + 524537
100%
7 + 530537
100%
60 + 477537
100%
5 + 532537
100%
60 + 478538
100%
3 + 535538
100%
1 + 537538
100%
6 + 532538
100%
14 + 525539
100%
149 + 390539
100%
1 + 539540
100%
98 + 442540
100%
5 + 535540
100%
9 + 531540
100%
170 + 370540
100%
163 + 377540
100%
12 + 528540
100%
73 + 468541
100%
24 + 518542
100%
16 + 526542
100%
89 + 454543
100%
9 + 534543
100%
13 + 531544
100%
72 + 472544
100%
150 + 394544
100%
203 + 342545
100%
57 + 488545
100%
28 + 517545
100%
191 + 354545
100%
8 + 537545
100%
41 + 505546
100%
34 + 512546
100%
7 + 540547
100%
18 + 529547
100%
11 + 537548
100%
9 + 539548
100%
27 + 521548
100%
4 + 545549
100%
257 + 292549
100%
20 + 529549
100%
29 + 520549
100%
17 + 3855
100%
14 + 4155
100%
4 + 546550
100%
5 + 546551
100%
107 + 444551
100%
61 + 490551
100%
29 + 522551
100%
19 + 533552
100%
188 + 364552
100%
5 + 548553
100%
42 + 511553
100%
37 + 516553
100%
205 + 349554
100%
82 + 472554
100%
1 + 553554
100%
145 + 409554
100%
113 + 441554
100%
3 + 551554
100%
2 + 553555
100%
170 + 385555
100%
117 + 438555
100%
78 + 477555
100%
48 + 507555
100%
6 + 549555
100%
4 + 552556
100%
132 + 424556
100%
71 + 486557
100%
122 + 435557
100%
25 + 532557
100%
228 + 330558
100%
11 + 547558
100%
157 + 401558
100%
59 + 500559
100%
2 + 557559
100%
4 + 555559
100%
26 + 533559
100%
227 + 333560
100%
36 + 524560
100%
117 + 443560
100%
121 + 440561
100%
146 + 415561
100%
9 + 553562
100%
40 + 522562
100%
17 + 546563
100%
1 + 562563
100%
183 + 380563
100%
59 + 505564
100%
8 + 556564
100%
144 + 420564
100%
55 + 509564
100%
147 + 418565
100%
192 + 373565
100%
30 + 535565
100%
104 + 461565
100%
220 + 345565
100%
6 + 559565
100%
3 + 562565
100%
54 + 512566
100%
10 + 556566
100%
19 + 547566
100%
5 + 561566
100%
15 + 551566
100%
2 + 565567
100%
226 + 341567
100%
9 + 558567
100%
27 + 540567
100%
22 + 545567
100%
4 + 564568
100%
207 + 361568
100%
211 + 357568
100%
154 + 414568
100%
27 + 541568
100%
5 + 564569
100%
9 + 4857
100%
168 + 402570
100%
1 + 569570
100%
35 + 535570
100%
149 + 422571
100%
113 + 458571
100%
49 + 522571
100%
1 + 570571
100%
52 + 520572
100%
21 + 551572
100%
10 + 562572
100%
28 + 545573
100%
64 + 509573
100%
14 + 560574
100%
51 + 523574
100%
7 + 567574
100%
4 + 570574
100%
8 + 567575
100%
167 + 409576
100%
11 + 565576
100%
164 + 413577
100%
2 + 575577
100%
36 + 541577
100%
172 + 406578
100%
39 + 539578
100%
5 + 573578
100%
7 + 572579
100%
269 + 310579
100%
57 + 522579
100%
4 + 5458
100%
143 + 437580
100%
8 + 572580
100%
1 + 579580
100%
9 + 571580
100%
222 + 359581
100%
26 + 555581
100%
242 + 339581
100%
2 + 579581
100%
22 + 559581
100%
221 + 361582
100%
4 + 578582
100%
162 + 420582
100%
31 + 551582
100%
85 + 498583
100%
111 + 472583
100%
17 + 566583
100%
3 + 580583
100%
261 + 322583
100%
71 + 512583
100%
8 + 576584
100%
60 + 524584
100%
52 + 532584
100%
166 + 418584
100%
5 + 580585
100%
1 + 584585
100%
250 + 335585
100%
8 + 577585
100%
203 + 382585
100%
100 + 485585
100%
16 + 569585
100%
6 + 579585
100%
230 + 355585
100%
169 + 417586
100%
32 + 554586
100%
3 + 585588
100%
9 + 580589
100%
95 + 494589
100%
50 + 539589
100%
1 + 588589
100%
19 + 570589
100%
14 + 575589
100%
30 + 559589
100%
8 + 581589
100%
2 + 5759
100%
14 + 4559
100%
8 + 5159
100%
42 + 548590
100%
17 + 573590
100%
2 + 589591
100%
4 + 587591
100%
63 + 528591
100%
119 + 473592
100%
5 + 587592
100%
74 + 518592
100%
70 + 523593
100%
19 + 574593
100%
110 + 483593
100%
54 + 540594
100%
58 + 536594
100%
78 + 517595
100%
3 + 593596
100%
63 + 533596
100%
29 + 567596
100%
27 + 569596
100%
2 + 594596
100%
8 + 589597
100%
66 + 531597
100%
235 + 362597
100%
23 + 575598
100%
6 + 592598
100%
15 + 583598
100%
9 + 589598
100%
32 + 567599
100%
90 + 509599
100%
1 + 598599
100%
14 + 585599
100%
19 + 4160
100%
1 + 5960
100%
18 + 4260
100%
16 + 4460
100%
3 + 5760
100%
13 + 4861
100%
15 + 4762
100%
8 + 5462
100%
25 + 3863
100%
21 + 4263
100%
9 + 5665
100%
14 + 5165
100%
7 + 5966
100%
5 + 6267
100%
20 + 4767
100%
17 + 5168
100%
11 + 5768
100%
1 + 6768
100%
2 + 6668
100%
6 + 6268
100%
1 + 67
100%
1 + 6970
100%
22 + 4870
100%
3 + 6770
100%
4 + 6872
100%
27 + 4572
100%
13 + 6073
100%
6 + 6874
100%
8 + 6674
100%
12 + 6274
100%
4 + 7074
100%
5 + 6974
100%
8 + 6775
100%
2 + 7375
100%
34 + 4175
100%
3 + 7275
100%
24 + 5175
100%
27 + 4976
100%
22 + 5577
100%
35 + 4277
100%
3 + 7578
100%
15 + 6378
100%
28 + 5078
100%
14 + 6579
100%
5 + 7479
100%
7 + 7279
100%
5 + 7580
100%
2 + 8082
100%
11 + 7283
100%
7 + 7784
100%
16 + 6884
100%
17 + 6784
100%
3 + 8386
100%
11 + 7586
100%
4 + 8387
100%
8 + 7987
100%
1 + 8687
100%
3 + 8588
100%
12 + 7688
100%
9 + 8089
100%
31 + 5889
100%
10 + 7989
100%
1 + 89
100%
1 + 8990
100%
11 + 7990
100%
18 + 7391
100%
2 + 8991
100%
8 + 8492
100%
3 + 9093
100%
2 + 9193
100%
22 + 7193
100%
13 + 8093
100%
36 + 5894
100%
41 + 5394
100%
4 + 9094
100%
7 + 8794
100%
1 + 9394
100%
30 + 6595
100%
25 + 7095
100%
14 + 8195
100%
14 + 8296
100%
9 + 8897
100%
2 + 9597
100%
21 + 7798
100%
5 + 9398
100%
14 + 8599
100%
69 + 134203
83%
5 + 317322
80%
6 + 317323
80%
13 + 323336
80%
213 + 310523
80%
19 + 513532
80%
42 + 523565
80%
102 + 497599
80%
16 + 5369
80%
58 + 122180
75%
72 + 121193
75%
75 + 126201
75%
83 + 176259
75%
17 + 248265
75%
89 + 198287
75%
27 + 262289
75%
5 + 288293
75%
44 + 254298
75%
75 + 224299
75%
35 + 299334
75%
6 + 329335
75%
21 + 315336
75%
134 + 205339
75%
80 + 266346
75%
43 + 304347
75%
160 + 193353
75%
9 + 346355
75%
10 + 369379
75%
114 + 266380
75%
74 + 316390
75%
8 + 400408
75%
27 + 405432
75%
99 + 333432
75%
39 + 406445
75%
3 + 452455
75%
25 + 435460
75%
106 + 400506
75%
4 + 506510
75%
8 + 509517
75%
71 + 452523
75%
65 + 460525
75%
138 + 388526
75%
34 + 496530
75%
182 + 354536
75%
53 + 508561
75%
258 + 320578
75%
2 + 582584
75%
28 + 563591
75%
2 + 5961
75%
19 + 5675
75%
3 + 110113
67%
4 + 113117
67%
10 + 123133
67%
17 + 117134
67%
9 + 126135
67%
7 + 141148
67%
17 + 140157
67%
3 + 156159
67%
24 + 136160
67%
65 + 97162
67%
8 + 176184
67%
16 + 173189
67%
71 + 124195
67%
77 + 126203
67%
68 + 137205
67%
84 + 126210
67%
24 + 199223
67%
23 + 200223
67%
23 + 205228
67%
21 + 208229
67%
79 + 151230
67%
32 + 202234
67%
30 + 205235
67%
51 + 186237
67%
87 + 152239
67%
32 + 209241
67%
55 + 191246
67%
5 + 243248
67%
36 + 227263
67%
85 + 183268
67%
44 + 227271
67%
30 + 244274
67%
5 + 277282
67%
14 + 280294
67%
4 + 297301
67%
12 + 290302
67%
86 + 220306
67%
38 + 274312
67%
4 + 308312
67%
27 + 295322
67%
78 + 244322
67%
9 + 321330
67%
18 + 318336
67%
4 + 335339
67%
16 + 341357
67%
26 + 332358
67%
55 + 310365
67%
67 + 299366
67%
173 + 206379
67%
35 + 344379
67%
36 + 347383
67%
48 + 342390
67%
37 + 357394
67%
11 + 383394
67%
56 + 339395
67%
41 + 358399
67%
119 + 281400
67%
175 + 229404
67%
11 + 396407
67%
16 + 2541
67%
27 + 384411
67%
36 + 376412
67%
105 + 313418
67%
24 + 401425
67%
117 + 317434
67%
71 + 363434
67%
197 + 244441
67%
49 + 395444
67%
90 + 358448
67%
13 + 436449
67%
169 + 295464
67%
154 + 312466
67%
196 + 280476
67%
16 + 460476
67%
5 + 475480
67%
23 + 466489
67%
19 + 476495
67%
76 + 427503
67%
25 + 487512
67%
150 + 366516
67%
87 + 431518
67%
22 + 497519
67%
5 + 519524
67%
17 + 514531
67%
8 + 528536
67%
68 + 468536
67%
5 + 4954
67%
19 + 521540
67%
128 + 416544
67%
56 + 488544
67%
36 + 511547
67%
177 + 374551
67%
139 + 413552
67%
46 + 512558
67%
32 + 529561
67%
67 + 499566
67%
184 + 383567
67%
62 + 510572
67%
7 + 565572
67%
1 + 573574
67%
43 + 531574
67%
9 + 565574
67%
96 + 482578
67%
23 + 557580
67%
260 + 323583
67%
115 + 469584
67%
13 + 578591
67%
14 + 581595
67%
28 + 570598
67%
26 + 3864
67%
18 + 6583
67%
6 + 7884
67%
5 + 8489
67%
20 + 7696
67%
54 + 129183
60%
5 + 256261
60%
42 + 268310
60%
11 + 303314
60%
1 + 325326
60%
2 + 376378
60%
15 + 423438
60%
19 + 459478
60%
4 + 514518
60%
19 + 530549
60%
178 + 374552
60%
38 + 462500
57%
4 + 103107
50%
13 + 103116
50%
18 + 103121
50%
25 + 97122
50%
4 + 120124
50%
35 + 91126
50%
38 + 89127
50%
4 + 123127
50%
11 + 120131
50%
2 + 130132
50%
5 + 131136
50%
4 + 133137
50%
19 + 122141
50%
4 + 138142
50%
14 + 133147
50%
11 + 138149
50%
39 + 111150
50%
11 + 141152
50%
8 + 146154
50%
2 + 152154
50%
9 + 146155
50%
6 + 152158
50%
44 + 116160
50%
13 + 155168
50%
20 + 157177
50%
4 + 175179
50%
19 + 165184
50%
5 + 181186
50%
49 + 137186
50%
37 + 151188
50%
17 + 174191
50%
35 + 156191
50%
2 + 196198
50%
3 + 196199
50%
16 + 185201
50%
8 + 195203
50%
3 + 202205
50%
49 + 159208
50%
8 + 201209
50%
67 + 148215
50%
35 + 180215
50%
14 + 202216
50%
94 + 126220
50%
81 + 141222
50%
42 + 183225
50%
91 + 136227
50%
3 + 225228
50%
16 + 213229
50%
6 + 1723
50%
1 + 229230
50%
5 + 226231
50%
38 + 193231
50%
1 + 232233
50%
40 + 195235
50%
53 + 186239
50%
85 + 155240
50%
3 + 237240
50%
63 + 177240
50%
36 + 205241
50%
59 + 182241
50%
107 + 137244
50%
22 + 225247
50%
18 + 229247
50%
35 + 215250
50%
35 + 217252
50%
36 + 220256
50%
43 + 216259
50%
73 + 186259
50%
6 + 255261
50%
8 + 256264
50%
10 + 254264
50%
13 + 253266
50%
36 + 231267
50%
46 + 221267
50%
15 + 253268
50%
2 + 272274
50%
20 + 254274
50%
38 + 239277
50%
21 + 257278
50%
19 + 262281
50%
99 + 183282
50%
67 + 216283
50%
25 + 259284
50%
111 + 181292
50%
35 + 259294
50%
16 + 280296
50%
92 + 205297
50%
26 + 282308
50%
12 + 297309
50%
13 + 297310
50%
77 + 236313
50%
9 + 305314
50%
59 + 256315
50%
9 + 308317
50%
6 + 311317
50%
36 + 281317
50%
44 + 277321
50%
151 + 171322
50%
81 + 244325
50%
65 + 264329
50%
8 + 324332
50%
28 + 311339
50%
142 + 198340
50%
54 + 286340
50%
91 + 257348
50%
16 + 334350
50%
51 + 301352
50%
21 + 337358
50%
14 + 345359
50%
12 + 347359
50%
106 + 254360
50%
17 + 345362
50%
7 + 355362
50%
92 + 270362
50%
2 + 362364
50%
87 + 279366
50%
69 + 302371
50%
155 + 218373
50%
2 + 372374
50%
32 + 345377
50%
91 + 286377
50%
5 + 379384
50%
6 + 379385
50%
143 + 244387
50%
38 + 349387
50%
7 + 381388
50%
186 + 204390
50%
130 + 262392
50%
141 + 251392
50%
45 + 348393
50%
63 + 334397
50%
3 + 397400
50%
21 + 379400
50%
125 + 285410
50%
49 + 365414
50%
90 + 325415
50%
1 + 414415
50%
147 + 269416
50%
2 + 417419
50%
15 + 405420
50%
37 + 385422
50%
168 + 257425
50%
93 + 332425
50%
45 + 383428
50%
4 + 3943
50%
39 + 392431
50%
4 + 431435
50%
78 + 357435
50%
163 + 273436
50%
22 + 423445
50%
180 + 266446
50%
66 + 386452
50%
19 + 433452
50%
13 + 440453
50%
112 + 347459
50%
119 + 342461
50%
163 + 298461
50%
59 + 404463
50%
129 + 337466
50%
46 + 421467
50%
31 + 440471
50%
12 + 459471
50%
39 + 433472
50%
88 + 388476
50%
187 + 289476
50%
35 + 447482
50%
42 + 443485
50%
2 + 483485
50%
169 + 318487
50%
171 + 323494
50%
28 + 467495
50%
177 + 320497
50%
75 + 423498
50%
58 + 440498
50%
182 + 317499
50%
148 + 355503
50%
21 + 484505
50%
147 + 363510
50%
17 + 493510
50%
6 + 509515
50%
35 + 480515
50%
35 + 482517
50%
36 + 482518
50%
53 + 466519
50%
42 + 483525
50%
34 + 492526
50%
5 + 523528
50%
173 + 359532
50%
125 + 409534
50%
81 + 454535
50%
51 + 485536
50%
38 + 499537
50%
120 + 417537
50%
118 + 420538
50%
84 + 457541
50%
2 + 543545
50%
31 + 514545
50%
24 + 522546
50%
123 + 423546
50%
39 + 507546
50%
1 + 5455
50%
44 + 508552
50%
145 + 408553
50%
18 + 536554
50%
7 + 547554
50%
154 + 410564
50%
36 + 529565
50%
45 + 521566
50%
2 + 564566
50%
88 + 480568
50%
84 + 485569
50%
33 + 538571
50%
77 + 497574
50%
6 + 568574
50%
7 + 568575
50%
4 + 571575
50%
6 + 571577
50%
109 + 469578
50%
21 + 557578
50%
29 + 549578
50%
105 + 474579
50%
86 + 494580
50%
259 + 324583
50%
25 + 558583
50%
20 + 567587
50%
37 + 552589
50%
154 + 439593
50%
3 + 591594
50%
11 + 585596
50%
155 + 441596
50%
1 + 596597
50%
44 + 554598
50%
7 + 5764
50%
21 + 4364
50%
4 + 6165
50%
12 + 5466
50%
7 + 6572
50%
42 + 4385
50%
19 + 6786
50%
14 + 143157
40%
28 + 324352
40%
24 + 77101
33%
9 + 110119
33%
49 + 162211
33%
26 + 197223
33%
99 + 136235
33%
76 + 166242
33%
101 + 141242
33%
5 + 238243
33%
6 + 263269
33%
48 + 228276
33%
9 + 284293
33%
93 + 213306
33%
83 + 223306
33%
82 + 232314
33%
37 + 277314
33%
82 + 239321
33%
93 + 269362
33%
11 + 367378
33%
16 + 395411
33%
64 + 389453
33%
65 + 398463
33%
175 + 304479
33%
193 + 333526
33%
91 + 449540
33%
139 + 412551
33%
75 + 485560
33%
232 + 339571
33%
208 + 375583
33%
150 + 268418
25%
18 + 467485
25%
113 + 399512
25%
158 + 376534
25%
22 + 524546
25%
129 + 462591
25%
114 + 387501
20%
6 + 95101
0%
5 + 96101
0%
16 + 85101
0%
18 + 84102
0%
11 + 91102
0%
3 + 100103
0%
27 + 77104
0%
3 + 101104
0%
33 + 72105
0%
23 + 84107
0%
6 + 102108
0%
46 + 62108
0%
5 + 104109
0%
32 + 77109
0%
39 + 70109
0%
4 + 711
0%
3 + 811
0%
5 + 105110
0%
9 + 101110
0%
7 + 104111
0%
46 + 67113
0%
7 + 106113
0%
4 + 110114
0%
6 + 108114
0%
1 + 114115
0%
2 + 113115
0%
10 + 108118
0%
5 + 114119
0%
14 + 105119
0%
40 + 79119
0%
29 + 91120
0%
1 + 120121
0%
54 + 68122
0%
43 + 79122
0%
19 + 103122
0%
14 + 108122
0%
3 + 119122
0%
3 + 120123
0%
8 + 115123
0%
19 + 105124
0%
5 + 119124
0%
3 + 123126
0%
7 + 122129
0%
23 + 106129
0%
29 + 100129
0%
36 + 94130
0%
24 + 107131
0%
21 + 111132
0%
49 + 83132
0%
54 + 79133
0%
49 + 86135
0%
43 + 92135
0%
8 + 128136
0%
14 + 122136
0%
59 + 78137
0%
22 + 115137
0%
6 + 132138
0%
7 + 132139
0%
3 + 1114
0%
18 + 122140
0%
4 + 136140
0%
46 + 95141
0%
31 + 111142
0%
12 + 132144
0%
8 + 138146
0%
1 + 145146
0%
49 + 99148
0%
8 + 140148
0%
5 + 144149
0%
7 + 142149
0%
3 + 147150
0%
32 + 119151
0%
34 + 117151
0%
64 + 87151
0%
28 + 123151
0%
44 + 108152
0%
30 + 125155
0%
48 + 107155
0%
3 + 153156
0%
35 + 121156
0%
16 + 141157
0%
8 + 150158
0%
40 + 118158
0%
30 + 129159
0%
7 + 152159
0%
50 + 110160
0%
3 + 157160
0%
19 + 141160
0%
60 + 100160
0%
18 + 143161
0%
66 + 97163
0%
75 + 89164
0%
42 + 122164
0%
11 + 154165
0%
28 + 138166
0%
16 + 150166
0%
9 + 157166
0%
56 + 110166
0%
4 + 163167
0%
23 + 145168
0%
30 + 138168
0%
78 + 91169
0%
33 + 137170
0%
6 + 164170
0%
39 + 132171
0%
5 + 166171
0%
8 + 164172
0%
21 + 152173
0%
72 + 101173
0%
4 + 169173
0%
7 + 167174
0%
63 + 112175
0%
70 + 107177
0%
26 + 153179
0%
6 + 173179
0%
1 + 179180
0%
11 + 169180
0%
72 + 108180
0%
34 + 147181
0%
14 + 167181
0%
51 + 130181
0%
58 + 123181
0%
10 + 172182
0%
33 + 150183
0%
6 + 177183
0%
29 + 155184
0%
36 + 149185
0%
4 + 182186
0%
43 + 144187
0%
18 + 170188
0%
52 + 136188
0%
31 + 158189
0%
10 + 179189
0%
12 + 177189
0%
1 + 1819
0%
32 + 158190
0%
39 + 151190
0%
93 + 98191
0%
28 + 165193
0%
4 + 189193
0%
10 + 183193
0%
48 + 145193
0%
84 + 109193
0%
8 + 186194
0%
4 + 190194
0%
40 + 156196
0%
32 + 164196
0%
13 + 183196
0%
55 + 141196
0%
26 + 171197
0%
34 + 163197
0%
56 + 142198
0%
11 + 187198
0%
54 + 145199
0%
83 + 116199
0%
5 + 1520
0%
62 + 138200
0%
34 + 167201
0%
14 + 187201
0%
3 + 198201
0%
71 + 130201
0%
33 + 169202
0%
19 + 183202
0%
64 + 139203
0%
9 + 196205
0%
60 + 145205
0%
27 + 178205
0%
19 + 186205
0%
66 + 139205
0%
65 + 141206
0%
57 + 149206
0%
12 + 195207
0%
2 + 206208
0%
18 + 190208
0%
6 + 202208
0%
77 + 131208
0%
52 + 157209
0%
4 + 205209
0%
1 + 209210
0%
10 + 201211
0%
7 + 206213
0%
49 + 165214
0%
74 + 140214
0%
20 + 195215
0%
45 + 171216
0%
7 + 209216
0%
38 + 179217
0%
5 + 213218
0%
39 + 179218
0%
18 + 200218
0%
48 + 170218
0%
2 + 216218
0%
95 + 123218
0%
58 + 161219
0%
29 + 190219
0%
43 + 176219
0%
1 + 218219
0%
23 + 196219
0%
4 + 1822
0%
5 + 1722
0%
3 + 218221
0%
7 + 215222
0%
17 + 205222
0%
9 + 213222
0%
44 + 179223
0%
2 + 221223
0%
32 + 192224
0%
26 + 199225
0%
72 + 154226
0%
10 + 217227
0%
31 + 196227
0%
20 + 207227
0%
41 + 186227
0%
2 + 226228
0%
74 + 154228
0%
7 + 221228
0%
93 + 136229
0%
19 + 210229
0%
3 + 2023
0%
18 + 212230
0%
11 + 219230
0%
92 + 138230
0%
16 + 215231
0%
36 + 195231
0%
17 + 214231
0%
34 + 197231
0%
33 + 198231
0%
14 + 218232
0%
78 + 155233
0%
91 + 143234
0%
117 + 117234
0%
54 + 180234
0%
23 + 212235
0%
6 + 229235
0%
9 + 226235
0%
37 + 199236
0%
109 + 129238
0%
13 + 225238
0%
70 + 168238
0%
8 + 230238
0%
4 + 234238
0%
7 + 1724
0%
19 + 221240
0%
109 + 132241
0%
24 + 217241
0%
2 + 240242
0%
13 + 229242
0%
82 + 160242
0%
10 + 232242
0%
38 + 205243
0%
9 + 234243
0%
13 + 232245
0%
106 + 139245
0%
2 + 245247
0%
39 + 208247
0%
19 + 229248
0%
2 + 246248
0%
12 + 237249
0%
16 + 233249
0%
90 + 159249
0%
55 + 194249
0%
9 + 1625
0%
33 + 217250
0%
21 + 229250
0%
108 + 142250
0%
74 + 176250
0%
112 + 138250
0%
68 + 183251
0%
17 + 235252
0%
39 + 213252
0%
61 + 192253
0%
28 + 225253
0%
37 + 218255
0%
18 + 237255
0%
15 + 241256
0%
6 + 250256
0%
33 + 223256
0%
40 + 216256
0%
38 + 219257
0%
8 + 249257
0%
55 + 203258
0%
48 + 210258
0%
86 + 172258
0%
11 + 1526
0%
79 + 181260
0%
51 + 209260
0%
83 + 178261
0%
35 + 227262
0%
85 + 177262
0%
9 + 253262
0%
11 + 252263
0%
14 + 249263
0%
22 + 243265
0%
16 + 249265
0%
47 + 220267
0%
88 + 179267
0%
95 + 174269
0%
24 + 245269
0%
60 + 210270
0%
3 + 267270
0%
26 + 244270
0%
24 + 246270
0%
17 + 253270
0%
61 + 209270
0%
5 + 265270
0%
4 + 267271
0%
36 + 235271
0%
54 + 218272
0%
4 + 268272
0%
23 + 250273
0%
24 + 249273
0%
6 + 267273
0%
58 + 216274
0%
65 + 210275
0%
50 + 225275
0%
109 + 167276
0%
68 + 209277
0%
1 + 276277
0%
5 + 272277
0%
49 + 229278
0%
56 + 222278
0%
29 + 251280
0%
4 + 276280
0%
14 + 266280
0%
28 + 252280
0%
62 + 218280
0%
32 + 249281
0%
12 + 270282
0%
15 + 267282
0%
97 + 186283
0%
44 + 240284
0%
45 + 239284
0%
3 + 281284
0%
26 + 258284
0%
114 + 170284
0%
31 + 255286
0%
12 + 275287
0%
64 + 223287
0%
14 + 274288
0%
34 + 254288
0%
5 + 283288
0%
15 + 274289
0%
11 + 1829
0%
1 + 2829
0%
98 + 192290
0%
2 + 289291
0%
136 + 155291
0%
18 + 273291
0%
53 + 239292
0%
37 + 255292
0%
11 + 282293
0%
142 + 151293
0%
74 + 219293
0%
28 + 266294
0%
34 + 260294
0%
63 + 232295
0%
22 + 273295
0%
104 + 192296
0%
13 + 283296
0%
39 + 258297
0%
57 + 240297
0%
8 + 2230
0%
23 + 277300
0%
52 + 248300
0%
22 + 278300
0%
35 + 265300
0%
71 + 229300
0%
1 + 299300
0%
17 + 283300
0%
52 + 249301
0%
9 + 292301
0%
76 + 226302
0%
69 + 234303
0%
5 + 298303
0%
79 + 224303
0%
117 + 186303
0%
61 + 242303
0%
128 + 176304
0%
1 + 303304
0%
118 + 186304
0%
15 + 290305
0%
25 + 280305
0%
21 + 285306
0%
127 + 179306
0%
18 + 288306
0%
103 + 204307
0%
31 + 279310
0%
57 + 253310
0%
4 + 306310
0%
10 + 301311
0%
11 + 301312
0%
121 + 191312
0%
43 + 269312
0%
119 + 193312
0%
23 + 289312
0%
16 + 296312
0%
54 + 258312
0%
50 + 263313
0%
5 + 308313
0%
70 + 243313
0%
23 + 290313
0%
55 + 258313
0%
7 + 307314
0%
6 + 308314
0%
4 + 311315
0%
17 + 299316
0%
5 + 311316
0%
27 + 290317
0%
66 + 251317
0%
18 + 299317
0%
23 + 294317
0%
28 + 290318
0%
151 + 167318
0%
14 + 305319
0%
123 + 196319
0%
3 + 2932
0%
11 + 309320
0%
154 + 167321
0%
18 + 303321
0%
1 + 321322
0%
9 + 313322
0%
129 + 194323
0%
48 + 275323
0%
58 + 265323
0%
124 + 199323
0%
43 + 281324
0%
19 + 305324
0%
158 + 167325
0%
45 + 280325
0%
62 + 263325
0%
87 + 238325
0%
84 + 242326
0%
34 + 292326
0%
27 + 299326
0%
14 + 312326
0%
42 + 285327
0%
4 + 323327
0%
116 + 211327
0%
25 + 302327
0%
24 + 304328
0%
45 + 283328
0%
1 + 327328
0%
13 + 316329
0%
78 + 251329
0%
7 + 2633
0%
28 + 302330
0%
113 + 217330
0%
31 + 299330
0%
2 + 329331
0%
65 + 266331
0%
160 + 172332
0%
4 + 328332
0%
17 + 315332
0%
143 + 189332
0%
63 + 270333
0%
36 + 297333
0%
23 + 310333
0%
3 + 331334
0%
7 + 328335
0%
26 + 309335
0%
51 + 284335
0%
14 + 322336
0%
68 + 268336
0%
52 + 285337
0%
10 + 327337
0%
59 + 279338
0%
37 + 302339
0%
12 + 327339
0%
54 + 285339
0%
140 + 199339
0%
58 + 281339
0%
33 + 307340
0%
45 + 295340
0%
149 + 191340
0%
11 + 329340
0%
92 + 249341
0%
77 + 265342
0%
7 + 335342
0%
72 + 270342
0%
17 + 326343
0%
88 + 256344
0%
63 + 282345
0%
5 + 340345
0%
8 + 337345
0%
117 + 228345
0%
75 + 270345
0%
6 + 340346
0%
19 + 327346
0%
1 + 345346
0%
129 + 217346
0%
95 + 253348
0%
53 + 295348
0%
9 + 340349
0%
9 + 2635
0%
19 + 331350
0%
2 + 349351
0%
79 + 272351
0%
57 + 294351
0%
1 + 351352
0%
4 + 348352
0%
170 + 182352
0%
39 + 313352
0%
166 + 186352
0%
150 + 203353
0%
8 + 345353
0%
55 + 298353
0%
16 + 338354
0%
27 + 327354
0%
5 + 350355
0%
10 + 346356
0%
66 + 291357
0%
7 + 351358
0%
39 + 320359
0%
32 + 328360
0%
119 + 243362
0%
39 + 323362
0%
132 + 230362
0%
60 + 302362
0%
134 + 228362
0%
36 + 326362
0%
23 + 340363
0%
54 + 310364
0%
6 + 358364
0%
20 + 345365
0%
82 + 283365
0%
19 + 346365
0%
48 + 317365
0%
38 + 328366
0%
6 + 360366
0%
22 + 344366
0%
8 + 358366
0%
5 + 362367
0%
3 + 364367
0%
11 + 356367
0%
25 + 343368
0%
9 + 359368
0%
124 + 245369
0%
74 + 295369
0%
6 + 363369
0%
2 + 3537
0%
1 + 3637
0%
55 + 315370
0%
3 + 367370
0%
9 + 361370
0%
7 + 364371
0%
30 + 341371
0%
53 + 318371
0%
176 + 195371
0%
96 + 276372
0%
124 + 248372
0%
18 + 354372
0%
88 + 284372
0%
24 + 349373
0%
83 + 290373
0%
25 + 348373
0%
15 + 358373
0%
7 + 366373
0%
59 + 314373
0%
24 + 350374
0%
45 + 329374
0%
135 + 239374
0%
28 + 348376
0%
126 + 250376
0%
23 + 353376
0%
26 + 350376
0%
2 + 375377
0%
14 + 364378
0%
17 + 361378
0%
15 + 364379
0%
77 + 302379
0%
28 + 352380
0%
36 + 345381
0%
4 + 377381
0%
76 + 306382
0%
8 + 375383
0%
29 + 354383
0%
114 + 269383
0%
86 + 297383
0%
108 + 275383
0%
7 + 376383
0%
27 + 359386
0%
16 + 370386
0%
140 + 246386
0%
8 + 379387
0%
151 + 236387
0%
2 + 385387
0%
31 + 357388
0%
30 + 358388
0%
6 + 382388
0%
99 + 290389
0%
68 + 321389
0%
67 + 322389
0%
23 + 367390
0%
136 + 255391
0%
19 + 373392
0%
68 + 324392
0%
40 + 352392
0%
25 + 368393
0%
5 + 388393
0%
4 + 390394
0%
185 + 210395
0%
48 + 347395
0%
155 + 241396
0%
25 + 372397
0%
58 + 339397
0%
107 + 290397
0%
9 + 388397
0%
155 + 243398
0%
43 + 355398
0%
57 + 341398
0%
58 + 340398
0%
15 + 383398
0%
7 + 3340
0%
31 + 369400
0%
72 + 328400
0%
18 + 383401
0%
19 + 382401
0%
24 + 378402
0%
83 + 319402
0%
159 + 243402
0%
39 + 363402
0%
145 + 258403
0%
18 + 385403
0%
118 + 286404
0%
153 + 252405
0%
23 + 382405
0%
35 + 370405
0%
124 + 282406
0%
54 + 353407
0%
120 + 287407
0%
35 + 372407
0%
9 + 399408
0%
3 + 405408
0%
18 + 390408
0%
156 + 253409
0%
135 + 274409
0%
33 + 376409
0%
179 + 230409
0%
6 + 3541
0%
17 + 393410
0%
75 + 335410
0%
24 + 386410
0%
77 + 334411
0%
134 + 277411
0%
78 + 334412
0%
120 + 292412
0%
7 + 405412
0%
6 + 406412
0%
25 + 388413
0%
66 + 348414
0%
168 + 246414
0%
2 + 412414
0%
80 + 334414
0%
50 + 365415
0%
13 + 403416
0%
79 + 337416
0%
1 + 415416
0%
177 + 239416
0%
128 + 289417
0%
4 + 413417
0%
14 + 404418
0%
52 + 366418
0%
89 + 330419
0%
9 + 410419
0%
9 + 3342
0%
11 + 3142
0%
3 + 417420
0%
2 + 418420
0%
8 + 412420
0%
165 + 255420
0%
5 + 415420
0%
82 + 338420
0%
20 + 401421
0%
2 + 419421
0%
16 + 405421
0%
26 + 395421
0%
95 + 327422
0%
5 + 418423
0%
10 + 413423
0%
122 + 301423
0%
14 + 409423
0%
98 + 326424
0%
52 + 372424
0%
16 + 409425
0%
16 + 411427
0%
48 + 379427
0%
85 + 342427
0%
28 + 399427
0%
6 + 421427
0%
62 + 366428
0%
204 + 225429
0%
38 + 391429
0%
127 + 302429
0%
34 + 395429
0%
12 + 3143
0%
8 + 422430
0%
198 + 232430
0%
134 + 296430
0%
164 + 267431
0%
161 + 271432
0%
5 + 427432
0%
84 + 348432
0%
19 + 414433
0%
134 + 299433
0%
44 + 389433
0%
8 + 425433
0%
91 + 343434
0%
74 + 360434
0%
21 + 413434
0%
40 + 395435
0%
41 + 394435
0%
87 + 349436
0%
54 + 382436
0%
97 + 340437
0%
123 + 315438
0%
23 + 415438
0%
61 + 378439
0%
17 + 422439
0%
14 + 425439
0%
5 + 434439
0%
157 + 282439
0%
16 + 423439
0%
1 + 439440
0%
67 + 373440
0%
18 + 422440
0%
2 + 439441
0%
146 + 295441
0%
20 + 421441
0%
54 + 387441
0%
70 + 371441
0%
40 + 401441
0%
33 + 409442
0%
12 + 431443
0%
155 + 288443
0%
135 + 308443
0%
8 + 435443
0%
35 + 409444
0%
6 + 438444
0%
100 + 344444
0%
9 + 436445
0%
117 + 328445
0%
75 + 370445
0%
5 + 441446
0%
163 + 283446
0%
59 + 389448
0%
14 + 434448
0%
96 + 352448
0%
69 + 379448
0%
11 + 439450
0%
88 + 362450
0%
182 + 268450
0%
4 + 447451
0%
169 + 282451
0%
18 + 433451
0%
7 + 444451
0%
130 + 322452
0%
16 + 437453
0%
17 + 437454
0%
45 + 409454
0%
15 + 439454
0%
86 + 369455
0%
23 + 432455
0%
5 + 450455
0%
15 + 441456
0%
7 + 449456
0%
23 + 434457
0%
21 + 436457
0%
63 + 395458
0%
121 + 337458
0%
30 + 428458
0%
18 + 441459
0%
10 + 449459
0%
8 + 3846
0%
15 + 3146
0%
76 + 385461
0%
13 + 448461
0%
6 + 455461
0%
115 + 346461
0%
93 + 368461
0%
34 + 428462
0%
44 + 419463
0%
20 + 443463
0%
131 + 332463
0%
3 + 460463
0%
97 + 366463
0%
132 + 332464
0%
185 + 279464
0%
197 + 268465
0%
160 + 306466
0%
138 + 328466
0%
58 + 408466
0%
149 + 317466
0%
23 + 443466
0%
64 + 403467
0%
19 + 448467
0%
14 + 454468
0%
42 + 426468
0%
98 + 370468
0%
179 + 289468
0%
47 + 421468
0%
89 + 380469
0%
142 + 327469
0%
50 + 419469
0%
19 + 450469
0%
38 + 431469
0%
59 + 412471
0%
76 + 395471
0%
85 + 387472
0%
5 + 467472
0%
8 + 464472
0%
65 + 408473
0%
67 + 406473
0%
3 + 470473
0%
15 + 458473
0%
22 + 452474
0%
178 + 296474
0%
36 + 438474
0%
55 + 419474
0%
156 + 318474
0%
17 + 458475
0%
1 + 475476
0%
91 + 385476
0%
170 + 307477
0%
94 + 383477
0%
110 + 368478
0%
60 + 418478
0%
13 + 465478
0%
73 + 406479
0%
144 + 335479
0%
33 + 446479
0%
8 + 4048
0%
10 + 3848
0%
2 + 4648
0%
11 + 469480
0%
8 + 472480
0%
3 + 479482
0%
53 + 429482
0%
6 + 477483
0%
51 + 432483
0%
48 + 436484
0%
72 + 412484
0%
59 + 426485
0%
36 + 449485
0%
162 + 323485
0%
219 + 266485
0%
4 + 482486
0%
89 + 397486
0%
15 + 472487
0%
24 + 463487
0%
3 + 484487
0%
235 + 252487
0%
79 + 410489
0%
92 + 397489
0%
147 + 342489
0%
57 + 432489
0%
17 + 472489
0%
102 + 388490
0%
17 + 474491
0%
43 + 449492
0%
1 + 491492
0%
174 + 319493
0%
8 + 486494
0%
3 + 491494
0%
84 + 411495
0%
22 + 476498
0%
15 + 483498
0%
59 + 439498
0%
1 + 498499
0%
6 + 4450
0%
4 + 496500
0%
7 + 493500
0%
20 + 480500
0%
19 + 482501
0%
10 + 491501
0%
55 + 446501
0%
3 + 499502
0%
63 + 439502
0%
25 + 478503
0%
12 + 491503
0%
29 + 474503
0%
18 + 486504
0%
52 + 452504
0%
209 + 296505
0%
111 + 394505
0%
13 + 493506
0%
5 + 501506
0%
68 + 438506
0%
249 + 258507
0%
37 + 470507
0%
56 + 451507
0%
93 + 414507
0%
9 + 498507
0%
61 + 447508
0%
172 + 337509
0%
141 + 368509
0%
177 + 332509
0%
167 + 343510
0%
31 + 479510
0%
7 + 504511
0%
92 + 419511
0%
3 + 508511
0%
78 + 433511
0%
164 + 349513
0%
142 + 371513
0%
2 + 511513
0%
11 + 502513
0%
86 + 427513
0%
1 + 513514
0%
235 + 279514
0%
5 + 509514
0%
109 + 406515
0%
29 + 488517
0%
11 + 506517
0%
20 + 498518
0%
9 + 509518
0%
167 + 352519
0%
12 + 507519
0%
4 + 515519
0%
32 + 487519
0%
14 + 505519
0%
11 + 4152
0%
250 + 270520
0%
77 + 444521
0%
13 + 508521
0%
7 + 514521
0%
61 + 461522
0%
114 + 408522
0%
181 + 341522
0%
15 + 507522
0%
105 + 419524
0%
1 + 523524
0%
16 + 508524
0%
60 + 465525
0%
62 + 463525
0%
35 + 490525
0%
2 + 523525
0%
195 + 331526
0%
242 + 284526
0%
85 + 441526
0%
51 + 475526
0%
46 + 481527
0%
63 + 464527
0%
49 + 479528
0%
134 + 394528
0%
3 + 526529
0%
244 + 285529
0%
22 + 3153
0%
6 + 4753
0%
8 + 4553
0%
64 + 466530
0%
32 + 498530
0%
10 + 521531
0%
154 + 378532
0%
159 + 373532
0%
140 + 392532
0%
84 + 449533
0%
74 + 459533
0%
249 + 284533
0%
28 + 505533
0%
39 + 494533
0%
139 + 394533
0%
35 + 499534
0%
66 + 468534
0%
79 + 456535
0%
222 + 313535
0%
67 + 468535
0%
151 + 384535
0%
50 + 486536
0%
67 + 469536
0%
9 + 527536
0%
52 + 484536
0%
15 + 522537
0%
6 + 531537
0%
93 + 444537
0%
231 + 306537
0%
15 + 523538
0%
196 + 343539
0%
258 + 281539
0%
26 + 513539
0%
29 + 510539
0%
23 + 516539
0%
7 + 532539
0%
10 + 4454
0%
4 + 536540
0%
11 + 529540
0%
43 + 497540
0%
8 + 533541
0%
74 + 467541
0%
48 + 493541
0%
2 + 539541
0%
88 + 453541
0%
3 + 538541
0%
49 + 493542
0%
127 + 415542
0%
22 + 521543
0%
8 + 535543
0%
48 + 495543
0%
124 + 420544
0%
144 + 400544
0%
67 + 477544
0%
30 + 514544
0%
189 + 356545
0%
210 + 335545
0%
88 + 457545
0%
21 + 524545
0%
226 + 319545
0%
85 + 460545
0%
21 + 525546
0%
3 + 544547
0%
35 + 512547
0%
5 + 542547
0%
6 + 542548
0%
1 + 547548
0%
17 + 532549
0%
234 + 315549
0%
58 + 491549
0%
174 + 375549
0%
51 + 498549
0%
2 + 5355
0%
3 + 5255
0%
95 + 455550
0%
79 + 472551
0%
42 + 509551
0%
80 + 471551
0%
2 + 549551
0%
10 + 541551
0%
271 + 281552
0%
83 + 469552
0%
103 + 449552
0%
227 + 325552
0%
8 + 545553
0%
119 + 434553
0%
177 + 376553
0%
248 + 306554
0%
47 + 508555
0%
93 + 462555
0%
15 + 540555
0%
3 + 552555
0%
14 + 541555
0%
115 + 441556
0%
256 + 300556
0%
67 + 489556
0%
7 + 549556
0%
8 + 548556
0%
201 + 355556
0%
14 + 543557
0%
9 + 548557
0%
57 + 500557
0%
115 + 442557
0%
87 + 471558
0%
25 + 533558
0%
95 + 463558
0%
61 + 497558
0%
230 + 328558
0%
81 + 478559
0%
38 + 521559
0%
12 + 547559
0%
56 + 503559
0%
28 + 531559
0%
4 + 5256
0%
7 + 4956
0%
18 + 3856
0%
272 + 288560
0%
19 + 541560
0%
73 + 487560
0%
5 + 555560
0%
13 + 548561
0%
16 + 545561
0%
69 + 493562
0%
38 + 525563
0%
25 + 538563
0%
255 + 309564
0%
89 + 475564
0%
76 + 489565
0%
10 + 555565
0%
7 + 558565
0%
69 + 496565
0%
198 + 368566
0%
12 + 554566
0%
17 + 550567
0%
248 + 319567
0%
23 + 544567
0%
22 + 546568
0%
35 + 533568
0%
271 + 297568
0%
24 + 545569
0%
97 + 472569
0%
8 + 561569
0%
34 + 535569
0%
6 + 5157
0%
215 + 355570
0%
8 + 562570
0%
46 + 524570
0%
161 + 410571
0%
3 + 568571
0%
144 + 427571
0%
156 + 415571
0%
28 + 544572
0%
19 + 553572
0%
94 + 478572
0%
83 + 489572
0%
4 + 569573
0%
243 + 330573
0%
229 + 344573
0%
3 + 570573
0%
18 + 555573
0%
194 + 380574
0%
80 + 494574
0%
86 + 489575
0%
12 + 563575
0%
73 + 503576
0%
3 + 573576
0%
13 + 563576
0%
98 + 479577
0%
30 + 548578
0%
34 + 544578
0%
20 + 559579
0%
16 + 564580
0%
24 + 556580
0%
160 + 420580
0%
89 + 492581
0%
92 + 489581
0%
237 + 344581
0%
38 + 543581
0%
15 + 567582
0%
8 + 574582
0%
69 + 514583
0%
7 + 576583
0%
1 + 582583
0%
65 + 518583
0%
58 + 526584
0%
14 + 571585
0%
11 + 574585
0%
136 + 450586
0%
231 + 355586
0%
67 + 519586
0%
43 + 543586
0%
234 + 353587
0%
189 + 399588
0%
270 + 318588
0%
125 + 464589
0%
12 + 577589
0%
2 + 587589
0%
6 + 584590
0%
101 + 489590
0%
153 + 438591
0%
18 + 573591
0%
96 + 495591
0%
10 + 582592
0%
77 + 515592
0%
130 + 462592
0%
7 + 586593
0%
79 + 514593
0%
54 + 539593
0%
8 + 586594
0%
47 + 547594
0%
51 + 543594
0%
53 + 541594
0%
41 + 554595
0%
99 + 497596
0%
87 + 509596
0%
28 + 569597
0%
4 + 594598
0%
33 + 565598
0%
126 + 472598
0%
248 + 351599
0%
20 + 579599
0%
23 + 3861
0%
24 + 3862
0%
12 + 5062
0%
8 + 5563
0%
7 + 5663
0%
5 + 5964
0%
25 + 4166
0%
6 + 6167
0%
26 + 4369
0%
10 + 5969
0%
34 + 3569
0%
14 + 5670
0%
16 + 5672
0%
32 + 4072
0%
8 + 6573
0%
9 + 6574
0%
18 + 5977
0%
4 + 7478
0%
29 + 4978
0%
2 + 68
0%
1 + 7980
0%
19 + 6180
0%
9 + 7281
0%
1 + 8182
0%
29 + 5483
0%
8 + 7583
0%
23 + 6184
0%
14 + 7286
0%
32 + 5486
0%
6 + 8490
0%
26 + 6490
0%
21 + 6990
0%
7 + 8491
0%
34 + 5892
0%
6 + 8692
0%
21 + 7192
0%
40 + 5393
0%
17 + 7693
0%
5 + 8994
0%
38 + 5694
0%
8 + 8795
0%
29 + 6796
0%
15 + 8196
0%
10 + 8797
0%
1 + 9697
0%
3 + 9598
0%
19 + 7998
0%
40 + 5999
0%
3 + 9699
0%

Score Distribution

Percentile by Number Answered

Percent of People with Each Score

Your Score History

You have not taken this quiz